Guess programmes on CBBC by description - Statistics

General Stats
  • This quiz has been taken 313 times
  • The average score is 3 of 14
Answer Stats
Hint Answer % Correct
the news but less death newsround
77%
this dancing programme is about as far as you can get from something I would watch the next step
60%
How is that an aadvark? arthur
52%
Alexander Armstrong stars in the only decent cartoon on this channel danger mouse
38%
Japenese warrior of art art ninja
32%
Kids do gymnastics gym stars
19%
The nekton family search for lost Lemuria the deep
16%
Talking animals make poo jokes the zoo
15%
A talking cheese stars in the worst programme ever boy girl dog cat mouse cheese
13%
Children try to run a resturaunt step up to the plate
12%
Based on a popular british comic Dennis and Gnasher unleashed
8%
The bad version of the sarah jane adventures odd squad
3%
Dick and dom star in a programme about something their really not absolute genius with dick and dom
1%
Steve backshall guides us around his natural habitat DIY deadly with steve backshall
1%
No matching quizzes found
Score Distribution
Percent of People with Each Score
Percentile by Number Answered
Your Score History
You have not taken this quiz